Lieux de Disney - Statistiques

Statistiques générales
  • Ce quiz a été pris 38 fois
  • Le résultat moyen est 8 sur 35
Statistiques - réponses
Indication Lieu % Correct
Château et royaume d'Elsa dans La Reine des Neiges Arendelle
82%
Contrée où Peter Pan emmène Wendy et ses frèresdans Peter Pan Pays imaginaire
68%
Royaume dont Mufasa puis Simba est le roidans Le Roi Lion Terre des Lions
57%
Ville et royaume du père de Jasmine dans Aladdin Agrabah
50%
Lieu désolé et interdit où se rendent Simba et Nala dans Le Roi Lion Cimetière des Elephants
50%
Etrange pays dan lequel tombe Alice dans Alice au Pays des Merveilles Pays des Merveilles
46%
Navire du capitaine Crochet Jolly Roger
36%
Ile d'origine de Vaiana dans Vaiana Motunui
36%
Forêt dans laquelle se déroule les aventures de Winnie l'Ourson et de ses amis Forêt des Rêves Bleus
32%
Taverne où Raiponce et Flint rencontrent des banditsqui ont tous un rêve Canard boiteux
29%
Lieu paradisiaque mis à l'honneur dans une chansondans Le Roi Lion 2 Upendi
29%
Endroit qui sert de repaire au gang de Robin des Bois Forêt de Sherwood
25%
Jeu et royaume dont est originaire Vanellope Sugar Rush
25%
Petite ville de campagne où échoue Flash McQueen dans Cars Radiator Springs
21%
Royaume et ville au centre de l'intrigue de Wish Rosas
21%
Ville où vivent Bob et Sully dans Monstres et Compagnie Monstropolis
18%
Centre du pouvoir du roi dans Le Roi Lion, et lieude vie de la famille royale Rocher des Lions
18%
Région mystérieuse et emplie de magie où se rendElsa dans La Reine des Neiges 2 Ahtohallan
14%
Royaume du père d'Ariel dans La Petite Sirène Atlantica
14%
Royaume dans lequel se déroule Raiponce Corona
14%
Ville où habitent Donald et Picsou Donaldville
14%
Royaume dont le père de Merida est le roidans Rebelle Dunbroch
11%
Ville où se déroule l'intrigue de Les Nouveaux Héros San Fransokyo
11%
Maison magique de la famille Madrigal Casa Madrigal
7%
Lieu de travail des Nains dans Blanche-Neige et les Sept Nains Mine des Nains
7%
École dans laquelle Bob et Sulli étudient dans Monstres Académy Monstres Université
7%
Grotte où a lieu l'affrontement entre Peter Panet le Capitaine Crochet dans Peter Pan Rocher du crâne
7%
Nation d'assassins dans Raya et le dernier dragon Croc du dragon
4%
Café que tient la Tante Cassie dans Les Nouveaux Héros Lucky Cat Café
4%
Ville où habitent les personnages deLes Indestructibles Métroville
4%
Navire sur lequel Jim embarque dans La Planète au trésor RLS Héritage
4%
Immense hall où se rendent les personnages del'arcade pour se rendre dans leurs jeux respectifs dans Les Mondes de Ralph Gare centrale des jeux
0%
Ile qui contient le parc d'attractions dans lequel se rend Pinocchio dans Pinocchio Ile enchantée
0%
Maison où habitent Duchesse et ses enfantsdans Les Aristochats Manoir de Bonnefamille
0%
Village au centre de l'intrigue de Kuzco Pacha
0%
Aucun quiz correspondant
Distribution des résultats
% des personnes avec chaque résultat
Percentile par nombre de réponses
Votre historique - résultats
Vous n’avez pas pris ce quiz